Accident, Suicide, or Murder? - Statistics

General Stats
  • This quiz has been taken 52 times
  • The average score is 12 of 21
Answer Stats
Hint Explanation Answer % Correct
Kurt Cobain Died by gunshot suicide in 1994 Suicide
87%
Paul Walker Died in a car crash in 2013 Accident
85%
Robert F. Kennedy Senator and brother of JFK, assassinated by Sirhan Sirhan in 1968 Murder
79%
Kobe Bryant Basketball legend, died in a helicopter crash in 2020 Accident
74%
Indira Gandhi Assassinated by her Sikh bodyguards in 1984 Murder
72%
Alexander Litvinenko Poisoned with polonium-210 in London in 2006 Murder
70%
Robin Williams Died by hanging in 2014 Suicide
68%
James Dean Died in a car crash in 1955 Accident
66%
Sharon Tate Murdered by followers of Charles Manson in 1969 Murder
66%
Leon Trotsky Assassinated in Mexico with an ice axe in 1940 (on Stalin’s orders) Murder
66%
John Lennon Assassinated by Mark David Chapman in New York in 1980 Murder
64%
Ernest Hemingway Died by gunshot suicide in 1961 Suicide
64%
Gianni Versace Murdered in Miami in 1997 Murder
60%
Elisabeth of Austria (Empress Sisi) Assassinated in Geneva in 1898 by an Italian anarchist (Luigi Lucheni) Murder
53%
Alan Turing Died by cyanide poisoning in 1954 (ruled a suicide) Suicide
53%
Marvin Gaye Singer, killed by his father during an argument in 1984 Murder
49%
Chester Bennington Died by hanging in 2017 Suicide
49%
Otis Redding Died in a plane crash in 1967 Accident
34%
Amy Winehouse Died of alcohol poisoning in 2011 Accident
26%
Stefan Zweig Died by suicide with his wife by barbiturate overdose in 1942 Suicide
23%
John F. Kennedy Jr. Son of JFK, Died in a plane crash while piloting his aircraft in 1999 Accident
19%
No matching quizzes found
Score Distribution
Percent of People with Each Score
Percentile by Number Answered
Your Score History
You have not taken this quiz